Normal view
MARC view
- Urdu Literature
Entry Topical Term
001 - CONTROL NUMBER
- control field: 110289
003 - CONTROL NUMBER IDENTIFIER
- control field: NUST
005 - DATE AND TIME OF LATEST TRANSACTION
- control field: 20230314190002.0
008 - FIXED-LENGTH DATA ELEMENTS
- fixed length control field: 230314|| aca||aabn | a|a d
040 ## - CATALOGING SOURCE
- Original cataloging agency: NUST
- Transcribing agency: NUST
150 ## - HEADING--TOPICAL TERM
- Topical term or geographic name entry element: Urdu Literature
- General subdivision: Short Stories (Novel)
670 ## - SOURCE DATA FOUND
- Source citation: Work cat.: (NUST): Bano, Qudsia , Na Qabil-e-Zikar / نا قابل ذکر (Urdu) /, 2013
